000 00615nam a2200193 i 4500
001 7133
003 ES-MaACL
005 20230906145152.0
007 t|
008 900822s1988 sp ||||1| spa d
080 _a332.1(46)BB(045)"1987"
080 _a338(46)"1987"
110 2 _aBanco de Bilbao.
_92097
245 1 0 _aMemoria anual [1987]
_b: que presenta el Consejo de Administracion del Banco de Bilbao a la Junta General de Accionistas.
260 _aBilbao :
_bBanco de Bilbao,
_c1988.
300 _a141 p. ;
_c28 cm.
610 1 7 _aBanco de Bilbao-
_vMemorias.
_92098
852 _aES-MaACL
_jL-14229
_bR.115297
999 _c7133
_d7133